| 000 -ლიდერი |
| ფიქსირებული სიგრძის საკონტროლო ველი |
01271nam a2200241Ia 4500 |
| 001 - საკონტროლო ნომერი |
| საკონტროლო ველი |
6392 |
| 003 - საკონტროლო ნომრის იდენტიფიკატორი |
| საკონტროლო ველი |
GE_BSU |
| 005 - ბოლო ოპერაციის თარიღი და დრო |
| საკონტროლო ველი |
20230803120902.0 |
| 008 - ფიქსირებული სიგრძის მონაცემთა ელემენტები - ზოგადი ინფორმაცია |
| ფიქსირებული სიგრძის საკონტროლო ველი |
181216s2002||||ge |||||||||||||| ||geo|| |
| 020 ## - წიგნის საერთაშორისო სტანდარტული ნომერი |
| International Standard Book Number |
9992885238 |
| 040 ## - კატალოგიზაციის წყარო |
| Transcribing agency |
GE_BSU |
| 041 ## - ენის კოდი |
| Language code of text/sound track or separate title |
geo |
| 080 ## - უნივერსალური ათობითი კლასიფიკაციის ინდექსი |
| Universal Decimal Classification number |
725(075.8)+624 კ-81 |
| 100 ## - მთავარი ჩანაწერი - პიროვნების სახელი |
| Personal name |
კრასენსკი, ვ. ე. |
| 9 (RLIN) |
19588 |
| 245 ## - ცნობა სათაურის შესახებ |
| Title |
სამოქალაქო და სამრეწველო შენობები / |
| Statement of responsibility, etc |
ვ. ე. კრასენსკი ; მთარგმნ. : დავით კომახიძე, თეიმურაზ კომახიძე, რედ. ნოდარ მგალობლიშვილი. |
| 264 ## - წარმოების, გამოცემის, დისტრიბუციის და სხვა ცნობები |
| გამოცემის, წარმოების, დისტრიბუციის... ადგილი |
ბათუმი : |
| გამოცემის, წარმოების, დისტრიბუციის... სახელწოდება |
გამ–ბა აჭარა, |
| გამოცემის, წარმოების, დისტრიბუციის... თარიღი |
2002. |
| 300 ## - ფიზიკური აღწერა |
| Extent |
306 გვ. ; |
| Other physical details |
ილ. |
| Dimensions |
27 სმ. |
| Accompanying material |
ცხრ. |
| 653 ## - INDEX TERM--UNCONTROLLED |
| Uncontrolled term |
სამოქალაქო და სამრეწველო შენობები |
| 700 ## - ADDED ENTRY--PERSONAL NAME |
| Personal name |
კომახიძე, დავით |
| Relator term |
მთარგმნელი |
| 9 (RLIN) |
16548 |
| 700 ## - ADDED ENTRY--PERSONAL NAME |
| Personal name |
კომახიძე, თეიმურაზ |
| Relator term |
მთარგმნელი |
| 9 (RLIN) |
3432 |
| 700 ## - ADDED ENTRY--PERSONAL NAME |
| Personal name |
მგალობლიშვილი, ნოდარ |
| Relator term |
რედაქტორი |
| 9 (RLIN) |
19589 |
| 942 ## - ADDED ENTRY ELEMENTS (KOHA) |
| Koha item type |
წიგნი |
| Source of classification or shelving scheme |
|